| 000 | 00465nab a22001097u 4500 | ||
|---|---|---|---|
| 008 | 130520b2011 xxu||||| |||| 00| 0 spa d | ||
| 041 | _aspa | ||
| 100 | 1 |
_aVerstraeten, Johan _947774 |
|
| 245 | 0 | 0 |
_aNueva visión de la economía, ¿una cuestión de amor o de justicia? El asunto del compendio de Doctrina Social de la Iglesia y la encíclica Caritatis in Veritate _cJohan Verstraeten |
| 773 | 0 |
_tConcilium _gnº343,2011,págs. 109-122 _x0210-1041 _wRev134 |
|
| 942 | _cAR | ||
| 999 |
_c418475 _d418475 |
||